00383 a2200145 4500001000700000040002200007041001600029082002400045100003200069245003300101260004700134300000700181362001300188500003600201143700 cLeonardo Da Vinci aPortuguês a796.44 D561gbD561g aDIEM, LaSCHOLTZEMETHNER, R aGinástica escolar especial bEntrelivros Culturalc1978aRio de Janeiro a95 a19780000 aTradução de Astrid Schiwalm